000 00736nam a2200169Ia 4500
008 090711s9999 xx 000 0 und d
082 _b75695
100 _aगोखले संयुक्ता / वझे निर्मला
245 _aकर्करोग संशय / संघर्ष / सुटका
260 _c1993
300 _a24
600 _aगोखले संयुक्ता / वझे निर्मला
630 _aकर्करोग संशय / संघर्ष / सुटका
700 _aगोखले संयुक्ता / वझे निर्मला
730 _aकर्करोग संशय / संघर्ष / सुटका
942 _cBOOK
999 _c309160
_d309160